000 02478nam0a22006731 4500
001 RU\NLR\A1SV\45447
005 20260406080741.0
035 _a(NLR Aleph) 009727589
090 _a9897071
_c9897071
100 _a20030203d1926 u y0rusy50 ca
101 0 _arus
102 _aRU
200 1 _a1905
_eВосстания в Балтийск. флоте в 1905-06 г.г. в Кронштадте, Свеаборге и на корабле "Память Азова"
_eСб. ст., воспоминаний, материалов и док.
_fСост. И.В.Егоров, под ред. Ленингр. истпарта
_gОтд. Ленингр. губ. ком. РКП(б) по изучению истории Окт. революции и РКП(б) и комис. Ленингр. губ. испол. ком. раб., крест. и кр.-арм. деп. по организации празднования 20-летия революции 1905 г.
210 _aЛ.
_cПрибой
_d1926
215 _a162 с.
_cил.
_d23 см
300 _aЗагл. обл.: Восстания в Балтийском флоте 1905-06 гг.
512 1 _aВосстания в Балтийском флоте 1905-06 гг.
517 9 _aТысяча девятьсот пятый год
517 1 _aТысяча девятьсот пятый год
620 _dСанкт-Петербург
700 1 _7ca
_8rus
_aЕгоров
_bИ. В.
_cисторик, деятель в обл. просвещения
_f1887-1971
_gИван Васильевич
_9219111
_3RU\NLR\AUTH\770219167
801 0 _aRU
_bNLR
_c20030203
852 _aNLR
_j20/756
852 _aNLR
_j20/756а
852 _aNLR
_jМф К1/10538
899 _aПОУБ
899 _aСОУНБ
899 _aМГУ
899 _aSLK
899 _aГОПБ
899 _aНБУВ
899 _aKM
899 _aTÜR
899 _aРГБ
899 _aРКП
899 _aCUBG
899 _aILCG
899 _aCSUX
899 _aNYCX
899 _aVAUG
899 _aBSB
899 _aГПИБ
899 _aBHU
899 _aSBB
899 _aCUL
899 _aНБ Бел.
899 _aСамОУНБ
899 _aNLG
899 _aСПбГУ
899 _aНБ ТГУ
899 _aСамОУНБ
899 _aНБ УдГУ
899 _aНБ РК
899 _aКирОУНБ
899 _aСГСПУ
942 _cBOOK
980 _aNB
980 _aA1SV